000 00363nam a2200157Ia 4500
003 Ost
005 20260225132542.0
008 260225s9999||||xx |||||||||||||| ||und||
040 _cfsic
041 _afre
082 _a302
100 _aFrançois Maspéro
_eAuteur
245 0 _aSociologie d'une revolution /
245 0 _cFrançois Maspéro
942 _cكتاب
999 _c33565
_d33565